| 000 | 00421cam a22001337a 4500 | ||
|---|---|---|---|
| 008 | 180718b1967 xxu||||| |||| 00| 0 eng d | ||
| 082 | _aF5x54 B469s | ||
| 100 | _aBhaskaran, R. | ||
| 245 |
_aSociology of politics: tradition and politics in India _cby R. Bhaskaran |
||
| 260 |
_aBombay _bAsia _c1967 |
||
| 300 | _axiv, 282p | ||
| 650 | _aIndia --Social conditions --1947- | ||
| 650 | _aIndia --Politics and government --1947 | ||
| 999 |
_c359534 _d359534 |
||